000 00586nam a2200229Ia 4500
003 OSt
005 20221007071816.0
006 a|||||r|||| 00| 0
007 ta
008 221006b |||||||| |||| 00| 0 eng d
024 _a18,988
037 _cTextual
040 _aFLL
_cFLL
_beng
041 _2eng
_aeng
082 _aZ1, G0
100 _aBaty T.
_9689471
245 0 _aCanons of international law
260 _aLondon
_bJohn Murray, Albemarle Street England
_c1930
300 _a518p
_ccm.
942 _hZ1, G0
_cTEXL
_2CC
999 _c1144391
_d1144391